000 00484nam a2200193 a 4500
001 1777027203145
003 YourLibrary
005 20260424161206.0
008 260424s2010##################000#0#eng##
020 _a9780199565542
082 0 4 _a344.9401SMI
100 1 _aSmith, Ian,
_eauthor.
245 1 0 _aSmith & Wood's Employment Law :
260 _bOUP Oxford,
_c2010.
300 _a840 pages
650 0 _aLaw.
942 _cENGLISH
040 _aYourLibrary
_beng
_cYourLibrary
999 _c619823
_d619823